书目信息 |
| 题名: |
写电影剧本的几个问题
|
|
| 作者: | 夏衍 著 | |
| 分册: | ||
| 出版信息: | 北京 人民文学出版社 1978 |
|
| 页数: | 120页 | |
| 开本: | 20cm | |
| 丛书名: | ||
| 单 册: | ||
| 中图分类: | I053.5 | |
| 科图分类: | ||
| 主题词: | 电影剧本-创作理论 , 创作理论-电影剧本 | |
| 电子资源: | ||
| ISBN: | ||
| 000 | 00616nam0 2200229 45 | |
| 001 | 0178003494 | |
| 005 | 20070730093648.21 | |
| 010 | @dCNY0.33 | |
| 091 | @aCN@b10019.2651 | |
| 100 | @a19950718d1978 em y0chiy0121 ea | |
| 101 | 0 | @achi |
| 102 | @aCN@b110000 | |
| 105 | @ay z 000zy | |
| 200 | 10 | @a写电影剧本的几个问题@Axie dian ying ju ben de ji ge wen ti@f夏衍著 |
| 210 | @a北京@c人民文学出版社@d1978 | |
| 215 | @a120页@d20cm | |
| 606 | @a电影剧本-创作理论 | |
| 606 | @a创作理论-电影剧本 | |
| 690 | @aI053.5@v4 | |
| 701 | 0 | @a夏衍@Axia yan@4著 |
| 801 | 0 | @aCN@bTSSF@c20070730 |
| 905 | @a10447@dI053.5@e147 | |
| 写电影剧本的几个问题/夏衍著.-北京:人民文学出版社,1978 |
| 120页;20cm |
| ISBN :CNY0.33 |
| ● |
| 相关链接 |
|
|
|
|
正题名:写电影剧本的几个问题
索取号:I053.5/147
 
预约/预借
| 序号 | 登录号 | 条形码 | 馆藏地/架位号 | 状态 | 备注 |
| 1 | 0470939 | 204709397 | 密集书库/ [索取号:I053.5/147] | 在馆 | |
| 2 | 0474972 | 204749727 | 密集书库/ [索取号:I053.5/147] | 在馆 | |
| 3 | 0786925 | 207869252 | 密集书库/ [索取号:I053.5/147] | 在馆 |